| 000 | 00864nam a2200277 a 4500 | ||
|---|---|---|---|
| 001 | 1339 | ||
| 003 | BR-CuiBMT | ||
| 005 | 20231205193543.0 | ||
| 008 | 231205s2009 rjb 000 0 por d | ||
| 020 | _a9788589883054 | ||
| 040 |
_aBR-CuiBMT _cBR-CuiBMT |
||
| 080 |
_22007 _a342.9 |
||
| 090 |
_a342.9 _bC331j |
||
| 100 | 1 | _aCarvalho, Morgana Bellazzi de Oliveira | |
| 245 |
_aJurisdição no estado do bem-estar e do desenvolvimento / _cMorgana Bellazzi de Oliveira Carvalho. |
||
| 260 |
_aRio de Janeiro : _bPadma, _c2009. |
||
| 300 |
_a234 p.: _c21 cm |
||
| 490 |
_aSelo Aliomar Baleeiro ; _vv.8 |
||
| 504 | _aInclui bibliografia. | ||
| 650 |
_aJurisdição _zBrasil |
||
| 650 |
_aTutela jurisdiciona _zBrasil |
||
| 650 | _aDireito e desenvolvimento econômico | ||
| 650 | _aPolítica pública | ||
| 830 |
_aSelo Aliomar Baleeiro _v8 |
||
| 942 |
_2udc _cLV |
||
| 999 |
_c1339 _d1339 |
||